000 00554nam a2200193Ia 4500
003 GCL
008 140319s9999 xx 000 0 ara d
040 _aGCL /
_cGCL
082 0 4 _aد
_b050
100 1 _aعلى ادهم
245 1 0 _aالمذاهب السياسية المعاصرة ( اقرا 9 ) /
_cعلى ادهم
300 _a156 ص
490 _aاقرأ
_v0
650 0 4 _aالسياسة
650 0 4 _aالاحزاب السياسية
650 0 4 _aالنظم السياسية
650 0 4 _aالمذاهب السياسية
942 _2ddc
_cBK
999 _c49937
_d49937